El espejo del líder
Salvato in:
| Autore principale: | |
|---|---|
| Natura: | Libro |
| Lingua: | spagnolo |
| Pubblicazione: |
Santiago
El Mercurio Aguilar
2007
|
| Edizione: | 5a. ed |
| Soggetti: | |
| Tags: |
Aggiungi Tag
Nessun Tag, puoi essere il primo ad aggiungerne!!
|
MARC
| LEADER | 00000nam a2200000 a 4500 | ||
|---|---|---|---|
| 001 | UCI5792 | ||
| 003 | CL-VaPUC | ||
| 008 | 080411e20070000CL |||||||||||||||||spa|d | ||
| 020 | |a 9562392163 | ||
| 082 | 0 | 4 | |a 658.4092 |b FIS |2 21 |
| 100 | 0 | |a Fischman, David |e author |9 528423 | |
| 245 | 1 | 3 | |a El espejo del líder |
| 250 | |a 5a. ed | ||
| 300 | |a 221 p | ||
| 942 | |c BK | ||
| 945 | |d 20080411 00:00:00 |a rbrito | ||
| 260 | |a Santiago |b El Mercurio Aguilar |c 2007 | ||
| 650 | 0 | |a Liderazgo |9 271835 | |
| 650 | 7 | |a CLASE DIRIGENTE |2 CL-VaPUC |9 376152 | |
| 650 | 0 | |a Toma de decisiones |9 257530 | |
| 650 | 0 | |a Autoridad |9 257105 | |
| 650 | 7 | |a TRABAJO EN EQUIPO |2 CL-VaPUC |9 393025 | |
| 583 | |a last modification |c 20180417 04:42:44 |k Rodrigo Vera | ||
| 999 | |c 329482 |d 329480 | ||
| 952 | |0 0 |1 0 |4 0 |6 658_409200000000000_FIS_2007 |7 0 |8 A |9 414251 |a BIBING |b BIBING |d 2019-11-22 |i 4424395 |o 658.4092 FIS 2007 |p 4424395 |r 2025-01-20 |w 2019-11-22 |y BK |k CIC | ||